[Event "Montreal Mercredi 01"]
[Site "Montreal"]
[Date "2019.01.23"]
[Round "3"]
[White "Nesterov, Timour"]
[Black "Nunez, Omar"]
[Result "0-1"]
[WhiteElo "1944"]
[BlackElo "1941"]
[PlyCount "80"]
[EventDate "2019.01.09"]
[EventType "swiss"]
[EventRounds "5"]
[EventCountry "CAN"]
[SourceTitle "EXT 2022"]
[Source "ChessBase"]
[SourceDate "2021.10.06"]
[SourceVersion "1"]
[SourceVersionDate "2021.10.06"]
[SourceQuality "1"]

1. d4 c5 2. d5 e5 3. e4 d6 4. Nc3 Be7 5. f4 exf4 6. Bxf4 Bf6 7. Nf3 Ne7 8. Bb5+ Bd7 9. 0-0 0-0 10. Bd3 Bg4 11. Qe1 Ng6 12. Bg3 c4 13. Bxc4 Qb6+ 14. Qf2 Qxb2 15. e5 Nxe5 16. Nxe5 Qxc3 17. Qf4 Bxe5 18. Qxg4 Bd4+ 19. Kh1 Qxc4 20. Bf2 Nd7 21. Bxd4 Ne5 22. Qe4 f5 23. Qe3 Rae8 24. Bxe5 Rxe5 25. Qxa7 Qxd5 26. Rad1 Qc6 27. Qd4 Re2 28. Rf2 Rxc2 29. Rxc2 Qxc2 30. Qd5+ Kh8 31. Qxd6 Re8 32. Qd7 Qe4 33. Rf1 h6 34. h3 Rf8 35. Rc1 f4 36. Rc7 Qe1+ 37. Kh2 Qg3+ 38. Kg1 f3 39. Rc2 Qe1+ 40. Kh2 f2 0-1

[Event "Montreal Mercredi 08"]
[Site "Montreal"]
[Date "2018.09.12"]
[Round "3"]
[White "Lebeau, Gilbert"]
[Black "Nesterov, Timour"]
[Result "0-1"]
[WhiteElo "1947"]
[BlackElo "1945"]
[PlyCount "132"]
[EventDate "2018.08.29"]
[EventType "swiss"]
[EventRounds "5"]
[EventCountry "CAN"]
[SourceTitle "EXT 2022"]
[Source "ChessBase"]
[SourceDate "2021.10.06"]
[SourceVersion "1"]
[SourceVersionDate "2021.10.06"]
[SourceQuality "1"]

1. d4 e6 2. Nf3 f5 3. Nc3 Nf6 4. Bg5 Be7 5. g3 b6 6. Bg2 Bb7 7. 0-0 0-0 8. e3 d6 9. Qe2 Ne4 10. Bxe7 Qxe7 11. Nxe4 Bxe4 12. Rfd1 Nd7 13. Rd2 Nf6 14. Rad1 Rae8 15. c4 e5 16. c5 f4 17. cxd6 cxd6 18. dxe5 dxe5 19. exf4 exf4 20. Re1 fxg3 21. Qc4+ Kh8 22. hxg3 Qb7 23. Nh4 Bxg2 24. Nxg2 Rxe1+ 25. Nxe1 Ne4 26. Re2 Ng5 27. Qg4 h6 28. f4 Nh7 29. Qf3 Qf7 30. Nd3 Qf5 31. g4 Ng5 32. Qg3 Ne4 33. Qh3 Qd5 34. Qe3 Nf6 35. Ne5 Kh7 36. g5 Nh5 37. g6+ Kg8 38. Nf7 Qf5 39. Qe6 Qxe6 40. Rxe6 Nxf4 41. Rc6 Nxg6 42. Nxh6+ Kh7 43. Ng4 Rf4 44. Ne3 Rb4 45. b3 Rb5 46. Kf2 Ne5 47. Rc7 Ra5 48. a4 Nd3+ 49. Ke2 Nf4+ 50. Kf3 Ne6 51. Re7 Nd4+ 52. Kg4 Nxb3 53. Nf5 Nc5 54. Rxg7+ Kh8 55. Re7 Rxa4+ 56. Kg5 Kg8 57. Kf6 Ne4+ 58. Ke6 Kf8 59. Rc7 Nc5+ 60. Kf6 Ke8 61. Nd6+ Kd8 62. Rh7 a5 63. Nb7+ Nxb7 64. Rxb7 Rb4 65. Ke6 Kc8 66. Ra7 Kb8 0-1

[Event "Montreal CC-ch"]
[Site "Montreal"]
[Date "2018.06.10"]
[Round "4.8"]
[White "Nesterov, Timour"]
[Black "Templonuevo, Mark Geryl"]
[Result "1-0"]
[WhiteElo "1956"]
[BlackElo "1838"]
[PlyCount "95"]
[EventDate "2018.06.08"]
[EventType "swiss"]
[EventRounds "5"]
[EventCountry "CAN"]
[SourceTitle "EXT 2022"]
[Source "ChessBase"]
[SourceDate "2021.10.06"]
[SourceVersion "1"]
[SourceVersionDate "2021.10.06"]
[SourceQuality "1"]

1. d4 Nf6 2. Bf4 e6 3. Nf3 Bd6 4. Bg5 Be7 5. Nbd2 c5 6. c3 d5 7. e3 Qb6 8. Rb1 0-0 9. Bd3 Nc6 10. Ne5 h6 11. Bh4 c4 12. Bc2 Qc7 13. f4 b5 14. 0-0 Nd7 15. Qg4 f5 16. Qh5 Ndxe5 17. fxe5 Bxh4 18. Qxh4 Bd7 19. g4 Qd8 20. Qg3 Qg5 21. Rf4 Rf7 22. Nf3 Qd8 23. g5 Kf8 24. gxh6 gxh6 25. Kh1 Rg7 26. Qh3 Rg6 27. Nh4 Rg5 28. Ng2 h5 29. Rh4 Be8 30. Nf4 Bf7 31. Nxh5 Ke7 32. Nf6 Bg6 33. Bd1 f4 34. exf4 Bxb1 35. fxg5 Qf8 36. Bh5 Qg7 37. g6 Qh6 38. Bd1 Qxg6 39. Rh7+ Kf8 40. Rh8+ Ke7 41. Rxa8 Be4+ 42. Bf3 Bxf3+ 43. Qxf3 Qb1+ 44. Kg2 Qg6+ 45. Ng4 Qc2+ 46. Kg3 Qd3 47. Qxd3 cxd3 48. Kf3 1-0

[Event "Montreal Mercredi 04"]
[Site "Montreal"]
[Date "2018.04.18"]
[Round "3"]
[White "Nesterov, Timour"]
[Black "Zumsteg, Nicolas"]
[Result "1-0"]
[WhiteElo "1857"]
[BlackElo "1828"]
[PlyCount "51"]
[EventDate "2018.04.04"]
[EventType "swiss"]
[EventRounds "5"]
[EventCountry "CAN"]
[SourceTitle "EXT 2022"]
[Source "ChessBase"]
[SourceDate "2021.10.06"]
[SourceVersion "1"]
[SourceVersionDate "2021.10.06"]
[SourceQuality "1"]

1. d4 Nf6 2. Bf4 d5 3. Nf3 e6 4. e3 c5 5. c3 Nc6 6. Bd3 Ne4 7. Nbd2 f5 8. Ne5 g6 9. Ndf3 c4 10. Bc2 Bd7 11. 0-0 b5 12. Nxc6 Bxc6 13. Ne5 Qb6 14. f3 Nf6 15. e4 0-0-0 16. Nf7 dxe4 17. Nxh8 exf3 18. gxf3 Qb7 19. Qe2 Bd5 20. a4 b4 21. cxb4 Bxb4 22. b3 c3 23. Bd3 Qg7 24. Ba6+ Kd7 25. Qb5+ Bc6 26. Qxb4 1-0

[Event "Montreal Mercredi 01"]
[Site "Montreal"]
[Date "2018.01.24"]
[Round "3"]
[White "Nesterov, Timour"]
[Black "Destree, Frederic"]
[Result "0-1"]
[WhiteElo "1884"]
[BlackElo "1904"]
[PlyCount "46"]
[EventDate "2018.01.10"]
[EventType "swiss"]
[EventRounds "5"]
[EventCountry "CAN"]
[SourceTitle "EXT 2022"]
[Source "ChessBase"]
[SourceDate "2021.10.06"]
[SourceVersion "1"]
[SourceVersionDate "2021.10.06"]
[SourceQuality "1"]

1. d4 Nf6 2. Bf4 g6 3. Nc3 Bg7 4. e4 d6 5. Qd2 Nbd7 6. Bh6 0-0 7. Bxg7 Kxg7 8. 0-0-0 c6 9. e5 Nd5 10. Nxd5 cxd5 11. f4 Nb6 12. h3 Bf5 13. g4 Be4 14. Rh2 Rc8 15. Bd3 Nc4 16. Qe2 Qa5 17. Kb1 Rc6 18. Nf3 Rfc8 19. Ng5 Ra6 20. Bxc4 Rxc4 21. Nxe4 Qxa2+ 22. Kc1 Qa1+ 23. Kd2 Rxd4+ 0-1

[Event "Montreal Mercredi 11"]
[Site "Montreal"]
[Date "2017.12.06"]
[Round "4"]
[White "Nesterov, Timour"]
[Black "Guipi Bopala, Prince Eric Jr"]
[Result "0-1"]
[WhiteElo "1903"]
[BlackElo "1863"]
[PlyCount "64"]
[EventDate "2017.11.15"]
[EventType "swiss"]
[EventRounds "5"]
[EventCountry "CAN"]
[SourceTitle "EXT 2022"]
[Source "ChessBase"]
[SourceDate "2021.10.06"]
[SourceVersion "1"]
[SourceVersionDate "2021.10.06"]
[SourceQuality "1"]

1. d4 f5 2. Bf4 Nf6 3. e3 e6 4. Nf3 d5 5. Nbd2 Be7 6. Bd3 0-0 7. Ne5 Nbd7 8. Qe2 Nxe5 9. Bxe5 Bd7 10. Nf3 a6 11. 0-0 Be8 12. Ng5 Qd7 13. f3 Bh5 14. Nh3 Bd6 15. Qf2 Bxe5 16. dxe5 Ne8 17. Qh4 Bf7 18. g4 c5 19. c3 b5 20. Rad1 Qc8 21. e4 fxe4 22. fxe4 c4 23. Ng5 Bg6 24. Rxf8+ Kxf8 25. Qf2+ Kg8 26. Bc2 Nc7 27. exd5 exd5 28. Bxg6 Qxg4+ 29. Qg3 Qxd1+ 30. Kg2 hxg6 31. Qh4 Qe2+ 32. Kg1 Qh5 0-1

[Event "Montreal Mercredi 10"]
[Site "Montreal"]
[Date "2017.11.08"]
[Round "5"]
[White "Nesterov, Timour"]
[Black "Zumsteg, Nicolas"]
[Result "1-0"]
[WhiteElo "1893"]
[BlackElo "1860"]
[PlyCount "39"]
[EventDate "2017.10.11"]
[EventType "swiss"]
[EventRounds "5"]
[EventCountry "CAN"]
[SourceTitle "EXT 2022"]
[Source "ChessBase"]
[SourceDate "2021.10.06"]
[SourceVersion "1"]
[SourceVersionDate "2021.10.06"]
[SourceQuality "1"]

1. d4 Nf6 2. Bf4 g6 3. e3 Bg7 4. Nf3 0-0 5. c4 d5 6. Nc3 c6 7. Bd3 dxc4 8. Bxc4 b5 9. Be2 Bb7 10. 0-0 Nbd7 11. Ne5 Nd5 12. Nxd5 cxd5 13. Bxb5 Nxe5 14. Bxe5 Bxe5 15. dxe5 e6 16. Rc1 Qb6 17. Be2 Rfc8 18. Qd4 Qa5 19. a3 Rc7 20. b4 1-0

[Event "Montreal Mercredi 10"]
[Site "Montreal"]
[Date "2017.11.01"]
[Round "4"]
[White "Langlois Remillard, Alexis"]
[Black "Nesterov, Timour"]
[Result "1-0"]
[WhiteElo "1974"]
[BlackElo "1893"]
[PlyCount "129"]
[EventDate "2017.10.11"]
[EventType "swiss"]
[EventRounds "5"]
[EventCountry "CAN"]
[SourceTitle "EXT 2022"]
[Source "ChessBase"]
[SourceDate "2021.10.06"]
[SourceVersion "1"]
[SourceVersionDate "2021.10.06"]
[SourceQuality "1"]

1. b3 Nf6 2. Bb2 d5 3. e3 Bg4 4. f3 Bh5 5. g4 Bg6 6. h4 h6 7. Nh3 Qd6 8. Nf4 Nbd7 9. Nc3 c6 10. Be2 d4 11. Nxg6 Qg3+ 12. Kf1 fxg6 13. exd4 e5 14. dxe5 Nxe5 15. Qe1 Qf4 16. Kg2 Bd6 17. d4 Ned7 18. Bd3+ Kd8 19. Ne2 Qe3 20. Bc1 Qe8 21. Nf4 Bxf4 22. Bxf4 Qf7 23. Qa5+ b6 24. Qa6 Nd5 25. Bd2 Rf8 26. Rhf1 Kc7 27. Be4 N7f6 28. Qd3 Ne7 29. Bb4 Nfd5 30. Bd2 Rae8 31. Rae1 h5 32. c4 Nf4+ 33. Bxf4+ Qxf4 34. Qe3 hxg4 35. Qxf4+ Rxf4 36. fxg4 Ref8 37. Rxf4 Rxf4 38. Kg3 Rf6 39. Bc2 Kd6 40. g5 Nf5+ 41. Bxf5 Rxf5 42. Re8 Rf7 43. Rd8+ Kc7 44. Ra8 Kd6 45. Kg4 a5 46. h5 gxh5+ 47. Kxh5 Rf2 48. c5+ bxc5 49. dxc5+ Kxc5 50. Rxa5+ Kb6 51. Ra4 c5 52. Kg6 Rg2 53. Rf4 Rxa2 54. Kxg7 Ra3 55. b4 cxb4 56. Rxb4+ Kc5 57. Rf4 Kd5 58. g6 Ke6 59. Kg8 Ke7 60. g7 Rh3 61. Re4+ Kd8 62. Kf7 Rf3+ 63. Kg6 Rg3+ 64. Kf6 Rf3+ 65. Kg5 1-0

[Event "Montreal Mercredi 08"]
[Site "Montreal"]
[Date "2017.09.13"]
[Round "3"]
[White "Beaulieu, Pierre"]
[Black "Nesterov, Timour"]
[Result "0-1"]
[WhiteElo "1829"]
[BlackElo "1898"]
[PlyCount "68"]
[EventDate "2017.08.30"]
[EventType "swiss"]
[EventRounds "5"]
[EventCountry "CAN"]
[SourceTitle "EXT 2022"]
[Source "ChessBase"]
[SourceDate "2021.10.06"]
[SourceVersion "1"]
[SourceVersionDate "2021.10.06"]
[SourceQuality "1"]

1. b3 e5 2. Bb2 Nc6 3. e3 d5 4. Nf3 Bd6 5. Bb5 Qe7 6. d4 e4 7. Ne5 Bd7 8. Nxd7 Qxd7 9. Nd2 a6 10. Be2 Nce7 11. a3 f5 12. c4 c6 13. g3 Nf6 14. h3 0-0 15. Qc2 Rac8 16. c5 Bc7 17. b4 a5 18. Nb3 axb4 19. axb4 Ra8 20. Rb1 Qe8 21. Bc3 Qg6 22. Bd1 Qh6 23. Qe2 g5 24. Bd2 Ng6 25. Qf1 f4 26. exf4 gxf4 27. Qg1 e3 28. fxe3 fxe3 29. Bxe3 Rfe8 30. Kd2 Ra2+ 31. Kd3 Qg7 32. Bf3 Ne7 33. Rh2 Qg6+ 34. Kc3 Rxh2 0-1

[Event "Montreal CC-ch"]
[Site "Montreal"]
[Date "2017.06.10"]
[Round "2.1"]
[White "Chiku Ratte, Olivier Kenta"]
[Black "Nesterov, Timour"]
[Result "1-0"]
[WhiteElo "2480"]
[BlackElo "1906"]
[PlyCount "107"]
[EventDate "2017.06.09"]
[EventType "swiss"]
[EventRounds "5"]
[EventCountry "CAN"]
[SourceTitle "EXT 2022"]
[Source "ChessBase"]
[SourceDate "2021.10.06"]
[SourceVersion "1"]
[SourceVersionDate "2021.10.06"]
[SourceQuality "1"]

1. d4 e6 2. c4 f5 3. g3 Nf6 4. Bg2 Be7 5. Nf3 0-0 6. 0-0 d6 7. Nc3 Ne4 8. Qc2 Nxc3 9. Qxc3 Nc6 10. Re1 Bf6 11. b4 e5 12. e3 Qe8 13. b5 Ne7 14. Ba3 Ng6 15. Nd2 Kh8 16. Nb3 f4 17. exf4 exd4 18. Nxd4 Qd8 19. Qe3 a6 20. Rad1 axb5 21. Nxb5 Ra5 22. Qb3 b6 23. Bb4 Ra6 24. Bxd6 cxd6 25. Rxd6 Bd7 26. Red1 Rf7 27. Bc6 Nf8 28. Bxd7 Rxd7 29. Rxd7 Nxd7 30. Qd3 Rxa2 31. Qxd7 Qxd7 32. Rxd7 Rc2 33. Rb7 h6 34. Rxb6 Rxc4 35. Nd6 Rc2 36. Ne4 Bd4 37. Rd6 Bc5 38. Nxc5 Rxc5 39. Kg2 Kg8 40. Rd7 Kh7 41. g4 Kg6 42. Rd6+ Kf7 43. Rd3 Rc4 44. Kg3 Kf6 45. h4 Rc1 46. f5 Rh1 47. f3 Ke5 48. Re3+ Kf6 49. Re6+ Kf7 50. g5 hxg5 51. hxg5 Rg1+ 52. Kf4 Rf1 53. Rb6 Rf2 54. f6 1-0

[Event "Montreal CC-ch"]
[Site "Montreal"]
[Date "2017.06.10"]
[Round "3.12"]
[White "Nesterov, Timour"]
[Black "Houde Billette, Felix"]
[Result "1/2-1/2"]
[WhiteElo "1906"]
[BlackElo "1440"]
[PlyCount "69"]
[EventDate "2017.06.09"]
[EventType "swiss"]
[EventRounds "5"]
[EventCountry "CAN"]
[SourceTitle "EXT 2022"]
[Source "ChessBase"]
[SourceDate "2021.10.06"]
[SourceVersion "1"]
[SourceVersionDate "2021.10.06"]
[SourceQuality "1"]

1. d4 d5 2. Bf4 c6 3. e3 Bf5 4. Nf3 e6 5. Nbd2 Bd6 6. Bg3 Bxg3 7. hxg3 Bg4 8. c4 Nf6 9. Be2 Nbd7 10. Qc2 Bf5 11. Bd3 Bxd3 12. Qxd3 dxc4 13. Nxc4 Nc5 14. Qc2 Nce4 15. Nfd2 Qd5 16. Nxe4 Nxe4 17. Rc1 Nd6 18. Nxd6+ Qxd6 19. a3 Qd5 20. Kf1 Qb5+ 21. Kg1 Rd8 22. Rh4 h6 23. Qc3 0-0 24. b3 Qg5 25. a4 Rd7 26. b4 Rfd8 27. Qc5 Qxc5 28. Rxc5 Rd5 29. Kf1 Rxc5 30. bxc5 Rd5 31. Ke2 b6 32. cxb6 axb6 33. Rh1 c5 34. dxc5 Rxc5 35. Rb1 1/2-1/2

[Event "Montreal CC-ch"]
[Site "Montreal"]
[Date "2016.06.12"]
[Round "5.7"]
[White "Nesterov, Timour"]
[Black "Ouellet, Maili Jade"]
[Result "1-0"]
[WhiteElo "1688"]
[BlackElo "1973"]
[PlyCount "101"]
[EventDate "2016.06.10"]
[EventType "swiss"]
[EventRounds "5"]
[EventCountry "CAN"]
[SourceTitle "EXT 2022"]
[Source "ChessBase"]
[SourceDate "2021.10.06"]
[SourceVersion "1"]
[SourceVersionDate "2021.10.06"]
[SourceQuality "1"]

1. e4 c5 2. Nf3 e6 3. d4 cxd4 4. Nxd4 a6 5. c4 Nf6 6. Bd3 Be7 7. 0-0 d6 8. b3 Nbd7 9. Bb2 Qc7 10. Bc2 b6 11. Kh1 Bb7 12. Qe2 h5 13. f4 0-0-0 14. f5 e5 15. Nf3 Rdg8 16. Nc3 g6 17. fxg6 Rxg6 18. Nh4 Rg5 19. Nf5 Bf8 20. Rad1 Ne8 21. Ba3 Nc5 22. Nd5 Qd8 23. Qe3 Rhg8 24. Rf2 Bxd5 25. cxd5 Nf6 26. h3 Kb8 27. Rc1 Qd7 28. b4 Nb7 29. Qxb6 Qb5 30. Qxb5 axb5 31. Bd3 R5g6 32. Nh4 Rg3 33. Nf3 Bh6 34. Rc6 Rc8 35. Rxc8+ Kxc8 36. Re2 h4 37. Bxb5 Nh5 38. Rc2+ Kd8 39. Bc1 Bxc1 40. Rxc1 Nf4 41. Nxh4 Ra3 42. Rc2 Re3 43. Bc6 Kc7 44. Be8+ Kb6 45. Bxf7 Rxe4 46. a3 Nxd5 47. Bxd5 Rxh4 48. Rd2 Nd8 49. Kh2 Kb5 50. g4 Rh8 51. g5 1-0

[Event "Montreal Mercredi 02"]
[Site "Montreal"]
[Date "2016.03.09"]
[Round "4"]
[White "Nesterov, Timour"]
[Black "Jean, Robert"]
[Result "0-1"]
[WhiteElo "1715"]
[BlackElo "1715"]
[PlyCount "90"]
[EventDate "2016.02.17"]
[EventType "swiss"]
[EventRounds "5"]
[EventCountry "CAN"]
[SourceTitle "EXT 2022"]
[Source "ChessBase"]
[SourceDate "2021.10.06"]
[SourceVersion "1"]
[SourceVersionDate "2021.10.06"]
[SourceQuality "1"]

1. e4 c5 2. Nf3 Nc6 3. d4 cxd4 4. Nxd4 Nf6 5. Nc3 d6 6. f3 a6 7. a3 e6 8. Bc4 Be7 9. Ba2 Qc7 10. Qd3 Ne5 11. Qe2 Nc6 12. Be3 b5 13. 0-0 0-0 14. Kh1 Nxd4 15. Bxd4 e5 16. Bf2 Be6 17. Rad1 Bxa2 18. Nxa2 Rac8 19. c3 Qc4 20. Qxc4 Rxc4 21. Nb4 a5 22. Nc2 Rc6 23. Ne3 Rd8 24. Rd3 Kf8 25. Nf5 g6 26. Nxe7 Kxe7 27. Bh4 h6 28. Rfd1 g5 29. Bg3 Ke6 30. Kg1 Rd7 31. Kf2 Rc8 32. Ke2 Rcd8 33. a4 bxa4 34. Ra1 Rb8 35. Rd2 d5 36. exd5+ Rxd5 37. Rc2 Rdb5 38. Rxa4 Rxb2 39. Kd1 Nd5 40. Kc1 Rb1+ 41. Kd2 Rg1 42. Kd3 Rd8 43. Ke2 Rxg2+ 44. Bf2 Nf4+ 45. Ke3 Rd3+ 0-1

[Event "Montreal Mercredi 11"]
[Site "Montreal"]
[Date "2015.12.16"]
[Round "5"]
[White "Nesterov, Timour"]
[Black "Abdelaal, Ibrahim"]
[Result "1-0"]
[WhiteElo "1716"]
[BlackElo "1742"]
[PlyCount "142"]
[EventDate "2015.11.18"]
[EventType "swiss"]
[EventRounds "5"]
[EventCountry "CAN"]
[SourceTitle "EXT 2022"]
[Source "ChessBase"]
[SourceDate "2021.10.06"]
[SourceVersion "1"]
[SourceVersionDate "2021.10.06"]
[SourceQuality "1"]

1. e4 c5 2. Nf3 e6 3. d4 cxd4 4. Nxd4 a6 5. c4 Nf6 6. Bd3 Be7 7. 0-0 d6 8. b3 0-0 9. Bb2 Nbd7 10. Qe2 Ne5 11. Bc2 Qc7 12. Nf3 Nxf3+ 13. Qxf3 Bd7 14. Rd1 Bc6 15. Qg3 e5 16. Nc3 Nh5 17. Qe3 Nf4 18. Ne2 Nxe2+ 19. Qxe2 b5 20. Rac1 bxc4 21. Qxc4 Qb7 22. Bb1 Rac8 23. Qe2 Bb5 24. Qg4 Rxc1 25. Rxc1 Bd7 26. Qg3 Rc8 27. Rd1 g6 28. f4 exf4 29. Qxf4 Be6 30. h4 Qb5 31. Bd3 Qh5 32. Rf1 Qxh4 33. Qf3 d5 34. Bd4 dxe4 35. Qxe4 Qxe4 36. Bxe4 Rd8 37. Bc3 Bf8 38. Ba5 Rd4 39. Re1 Bb4 40. Bxb4 Rxb4 41. Kf2 Rd4 42. Ke3 Rd8 43. Bd3 a5 44. Bc4 Bf5 45. Rc1 Re8+ 46. Kd4 Rd8+ 47. Kc3 Kf8 48. Re1 Re8 49. Rd1 Re3+ 50. Kd4 Rg3 51. Rd2 Be6 52. Kc5 Ke7 53. Kb5 Rg5+ 54. Kc6 Re5 55. a3 h5 56. Bxe6 Rxe6+ 57. Kb5 Re5+ 58. Ka6 Re3 59. Rb2 Re5 60. b4 axb4 61. axb4 Kd7 62. Rc2 Re6+ 63. Ka7 Re5 64. Ka6 Re6+ 65. Ka5 Re3 66. b5 Rb3 67. b6 g5 68. Rc7+ Ke6 69. b7 f5 70. Rc6+ Kd7 71. Rb6 Ra3+ 1-0

[Event "Montreal CC-ch"]
[Site "Montreal"]
[Date "2014.06.13"]
[Round "1"]
[White "Gauthier, Denis"]
[Black "Nesterov, Timour"]
[Result "1-0"]
[WhiteElo "1967"]
[BlackElo "1450"]
[PlyCount "91"]
[EventDate "2014.06.15"]
[EventType "swiss"]
[EventRounds "5"]
[EventCountry "CAN"]
[SourceTitle "EXT 2022"]
[Source "ChessBase"]
[SourceDate "2021.10.06"]
[SourceVersion "1"]
[SourceVersionDate "2021.10.06"]
[SourceQuality "1"]

1. d4 Nf6 2. c4 e6 3. Nf3 Bb4+ 4. Nbd2 c5 5. a3 Bxd2+ 6. Bxd2 cxd4 7. Nxd4 Ne4 8. g3 0-0 9. Bg2 Nxd2 10. Qxd2 a6 11. 0-0 Nc6 12. Rfd1 Qf6 13. Rac1 Rb8 14. b4 Rd8 15. Nxc6 bxc6 16. Bxc6 Bb7 17. Bxb7 Rxb7 18. c5 Rdb8 19. c6 dxc6 20. Rxc6 Ra7 21. Qd6 Rba8 22. Qc5 h6 23. Rc8+ Kh7 24. Rxa8 Rxa8 25. Qc6 Ra7 26. Qc5 Ra8 27. Qc4 g6 28. a4 Kg7 29. b5 axb5 30. axb5 Qe5 31. b6 Rb8 32. Rb1 Rb7 33. Qc6 Qd5 34. Qc3+ Kg8 35. h4 h5 36. Qf6 Qc6 37. Rd1 Rd7 38. Rxd7 Qxd7 39. Qe5 Kf8 40. e4 Ke7 41. Qc5+ Qd6 42. Qb5 Kd8 43. b7 Qb8 44. Qb6+ Kd7 45. e5 Ke8 46. Qc6+ 1-0